000 00260nam a22001097a 4500
008 170116b xxu||||| |||| 00| 0 eng d
020 _a9780721602202
041 _aeng
080 _27TH
_a618.2
245 _aMEDICAL-SURGICAL NURSING
_cBLACK, J.M
942 _2udc
_cBK
999 _c2922
_d2922